Normal view
MARC view
Entry Personal Name
001 - CONTROL NUMBER
- control field: 505024
003 - CONTROL NUMBER IDENTIFIER
- control field: OSt
005 - DATE AND TIME OF LATEST TRANSACTION
- control field: 20220928143304.0
008 - FIXED-LENGTH DATA ELEMENTS
- fixed length control field: 220928|| aca||aabn | a|a d
040 ## - CATALOGING SOURCE
- Original cataloging agency: OSt
- Transcribing agency: OSt
100 ## - HEADING--PERSONAL NAME
- Personal name: Hearn Milton T W
670 ## - SOURCE DATA FOUND
- Source citation: Work cat.: (OSt)823617: Hearn Milton T W, Peptide and protein reviews.V2., 1984
